| 000 | 01078nam a22002417a 4500 | ||
|---|---|---|---|
| 003 | OSt | ||
| 005 | 20260128094309.0 | ||
| 008 | 230412b ||||| |||| 00| 0 eng d | ||
| 040 | _cSSBUL | ||
| 041 | _ashan | ||
| 082 |
_a294.38232 _223 |
||
| 245 | 1 | 0 |
_aမတ်ႉၸိမၼိၵႃႇယပႃႇလိၸဝ်ႈပိၼ်ႇတႆး။ _cၸဝ်ႈသြႃႇဝိသုတ်ႉထလႄႈၸဝ်ႈၶူးဢႃႇသၽ ပိၼ်ႇတႅမ်ႈ- |
| 260 |
_aတႃႈၵုင်ႈ _bၵတ်း _c2012 |
||
| 300 |
_a1241 ၼႃႈ _c23 ၸိၼ်ႇထီႇ |
||
| 500 | _aပႃးပပ်ႉၸဝ်ႈတႃႇၼႁင်းၶေႃ တွၵ်ႉတိူဝ်ႇၸၢႆးဢွင်ႇထုၼ်းပပ်ႉၼိုင်ႈ။ | ||
| 500 | _a S-SAT: Dr. Prof Sai Aung Tun | ||
| 504 | _aပႃးတၢမ်းလင်၊ ဝေႃးႁၢရ်၊ ၶေႃႈၸိၼႂ်း | ||
| 650 |
_aမတ်ႉၸိမၼိၵႃႇယ _922912 |
||
| 942 | _cBK | ||
| 942 | _2ddc | ||
| 942 | _2ddc | ||
| 942 | _2ddc | ||
| 999 |
_c23869 _d23869 |
||